| 000 | 01074nam a2200277 i 4500 | ||
|---|---|---|---|
| 001 | 175723 | ||
| 003 | ES-MaACL | ||
| 005 | 20250811101608.0 | ||
| 007 | t| | ||
| 008 | 101118s1980 sp ||||1| spa d | ||
| 080 | _a76 Cortina y Arregui, Enrique (083.82) | ||
| 100 | 1 |
_aCortina y Arregui, Enrique. _9144010 |
|
| 245 | 1 | 4 |
_aLos caprichos de Cortina y Arregui _b: [Exposición : Ateneo de Madrid, Sala de Santa Catalina, mayo 1980] / _c[texto A. M. Campoy]. |
| 260 |
_aMadrid : _bAteneo de Madrid, _c1980. |
||
| 300 |
_a[6] p. : _bil. ; _c24 cm. |
||
| 490 | 1 | _aAteneo de Madrid. Sala de Santa Catalina | |
| 600 | 1 | 4 |
_aCortina y Arregui, Enrique- _xExposiciones. _9144011 |
| 610 | 2 | 4 |
_aAteneo de Madrid- _vExposiciones- _y1980-1990 _91922 |
| 655 | 7 |
_2tgfbne _9193628 _aCatálogos de exposiciones |
|
| 700 | 1 |
_aCampoy, A. M., _d1924-1993 _934292 |
|
| 710 | 2 |
_aAteneo de Madrid. _bSala de Santa Catalina. _91964 |
|
| 830 | 0 | 0 |
_aAteneo de Madrid. _pSala de Santa Catalina _9185232 |
| 852 |
_aES-MaACL _j2303-F-33 |
||
| 942 | _2udc | ||
| 999 |
_c175723 _d175723 |
||